Hablemos del sida en la escuela

Guardado en:
Formato: Libro
Publicado: Buenos Aires : Ministerio de Educación, Ciencia y Tecnología
Series:Colección educ.ar; No. 8
Materias:
Etiquetas: Agregar Etiqueta
Sin Etiquetas, Sea el primero en etiquetar este registro!
LEADER 00632nam a22001935a 4500
001 CEM.cems012794
005 20080310095858.0
008 130507b######################000#0#####d
003 CEMS
020 |a 9872145873 
082 0 4 |a CD370 
245 0 0 |a Hablemos del sida en la escuela 
260 |a Buenos Aires :  |b Ministerio de Educación, Ciencia y Tecnología 
300 |a 1 CD-ROM 
490 0 |a Colección educ.ar; No. 8 
505 0 |a Hablemos de sida en la escuela --- Marco teórico -- Actividades y enlaces recomendados 
653 |a Educación 
653 |a Vih/sida 
859 |a CEMS  |b BIB. CEMS - 11 de abril  |h CD370  |i Ar37  |p 2191.44  |t Ej.1  |v 8  |3 8